Možné dôsledky klimatickej zmeny na vlastnosti pôd v SR

Zmeny globlálnej klímy a možné dopady na vlastnosti pôd. Charakteristika klimatickej zmeny pre SR. Dôsledky klimatickej zmeny na pôdny fond SR. Pôda a klimatická zmena. Strategické opatrenia na elimináciu negatívnych vplyvov klimatickej zmeny na pôdu.

Gespeichert in:
Bibliographische Detailangaben
1. Verfasser: Sobocká, Jaroslava
Format: Buchkapitel
Sprache:Slowakisch
Schlagworte:
Tags: Tag hinzufügen
Keine Tags, Fügen Sie das erste Tag hinzu!

MARC

LEADER 00000naa$a2200000$$$4500
001 0036569
005 20230928075522.6
041 0 |a slo 
044 |a SK 
245 1 0 |a Možné dôsledky klimatickej zmeny na vlastnosti pôd v SR  |c Jaroslava Sobocká 
520 |a Zmeny globlálnej klímy a možné dopady na vlastnosti pôd. Charakteristika klimatickej zmeny pre SR. Dôsledky klimatickej zmeny na pôdny fond SR. Pôda a klimatická zmena. Strategické opatrenia na elimináciu negatívnych vplyvov klimatickej zmeny na pôdu. 
610 2 0 |a zmeny klimatické 
610 2 0 |a efekt skleníkový 
610 2 0 |a pôda 
610 2 0 |a fond pôdny 
610 2 0 |a pôda poľnohospodárska 
610 2 0 |a Slovensko 
610 2 0 |a ochrana pôdy 
610 2 0 |a scenáre 
100 1 |a Sobocká, Jaroslava